000 01063nam a22002897a 4500
003 OSt
005 20211129021954.0
008 151116b xxu||||| |||| 00| 0 eng d
010 _a 2002019112
020 _a0130661953
040 _aMMU
_cMMU
_dMMU
_beng
042 _apcc
050 0 0 _aHD30.25
_b.R465 2003
082 0 0 _a658.4/032
_221
100 1 _aRender, Barry.
245 1 0 _aManagerial decision modeling with spreadsheets /
_cBarry Render, Ralph M. Stair, Jr., Nagraj (Raju) Balakrishnan.
260 _aUpper Saddle River, N.J. :
_bPrentice Hall,
_cc2003.
300 _axxiii, 616 p. :
_bill. ;
_c26 cm. +
_e1 computer optical disc (4 3/4 in.)
504 _aIncludes bibliographical references and index.
650 0 _aManagement
_xMathematical models.
650 0 _aManagement science.
700 1 _aStair, Ralph M.
700 1 _aBalakrishnan, Nagraj.
906 _a7
_bcbc
_corignew
_d1
_eocip
_f20
_gy-gencatlg
942 _2lcc
_cSHORTLOAN
999 _c15898
_d15898